[Event "Helsingor Xtracon op"]
[Site "Helsingor"]
[Date "2019.07.27"]
[Round "9"]
[White "Norevall, Ulf"]
[Black "Christensen, Tommy"]
[Result "1-0"]
[WhiteElo "1739"]
[BlackElo "1908"]
[PlyCount "75"]
[EventDate "2019.07.20"]
[EventType "swiss"]
[EventRounds "10"]
[EventCountry "DEN"]
[SourceTitle "CBM 191 Extra"]
[Source "ChessBase"]
[SourceDate "2019.09.30"]
[SourceVersion "1"]
[SourceVersionDate "2019.09.30"]
[SourceQuality "1"]

1. d4 Nf6 2. c4 c5 3. d5 e6 4. Nc3 exd5 5. cxd5 d6 6. Nf3 g6 7. e4 a6 8. Bf4 b5 9. Qc2 Bg7 10. Be2 0-0 11. 0-0 Nh5 12. Bg5 Qc7 13. Nd2 f5 14. Bxh5 gxh5 15. Rae1 f4 16. Nf3 Bg4 17. Kh1 Bxf3 18. gxf3 h6 19. Bxh6 Bxh6 20. e5 Qf7 21. e6 Qf5 22. Rg1+ Bg7 23. Qxf5 Rxf5 24. e7 Nd7 25. e8Q+ Rxe8 26. Rxe8+ Kf7 27. Ra8 Bd4 28. Ne4 Ke7 29. Rxa6 Rxd5 30. Rg6 Nf6 31. Kg2 Bxb2 32. Ng5 Nd7 33. Re6+ Kd8 34. Nf7+ Kc7 35. Nxd6 Ne5 36. Nxb5+ Kd7 37. Rh6 Nf7 38. Ra7+ 1-0

[Event "Helsingor Xtracon op"]
[Site "Helsingor"]
[Date "2019.07.21"]
[Round "3"]
[White "Norevall, Ulf"]
[Black "Meurman, Arne"]
[Result "0-1"]
[WhiteElo "1739"]
[BlackElo "2014"]
[PlyCount "46"]
[EventDate "2019.07.20"]
[EventType "swiss"]
[EventRounds "10"]
[EventCountry "DEN"]
[SourceTitle "CBM 191 Extra"]
[Source "ChessBase"]
[SourceDate "2019.09.30"]
[SourceVersion "1"]
[SourceVersionDate "2019.09.30"]
[SourceQuality "1"]

1. d4 Nf6 2. c4 g6 3. f3 Bg7 4. e4 d6 5. Nc3 0-0 6. Be3 Nc6 7. Qd2 a6 8. Rd1 Rb8 9. Bh6 e5 10. Bxg7 Kxg7 11. d5 Nd4 12. Nge2 Nxe2 13. Bxe2 Nh5 14. g3 f5 15. f4 Nxf4 16. Bf3 Nh3 17. Qg2 Ng5 18. h4 Nxf3+ 19. Qxf3 fxe4 20. Qxe4 Qf6 21. Rd2 h5 22. Qe3 Bg4 23. Ne4 Qf3 0-1

[Event "Helsingor Xtracon op"]
[Site "Helsingor"]
[Date "2019.07.20"]
[Round "1"]
[White "Norevall, Ulf"]
[Black "Rossen, Claus"]
[Result "1/2-1/2"]
[WhiteElo "1739"]
[BlackElo "2217"]
[PlyCount "65"]
[EventDate "2019.07.20"]
[EventType "swiss"]
[EventRounds "10"]
[EventCountry "DEN"]
[SourceTitle "CBM 191 Extra"]
[Source "ChessBase"]
[SourceDate "2019.09.30"]
[SourceVersion "1"]
[SourceVersionDate "2019.09.30"]
[SourceQuality "1"]

1. d4 Nf6 2. c4 g6 3. f3 d5 4. cxd5 Nxd5 5. e4 Nb6 6. Nc3 Bg7 7. Be3 0-0 8. Qd2 Nc6 9. d5 Na5 10. b3 c6 11. Rd1 cxd5 12. Nxd5 Nxd5 13. Qxd5 Qc7 14. Ne2 Be6 15. Qc5 Rfc8 16. Qxc7 Rxc7 17. Nd4 Bd7 18. Nb5 Bxb5 19. Bxb5 Rc2 20. 0-0 a6 21. b4 Nc4 22. Bxc4 Rxc4 23. Rd7 Rxb4 24. Rfd1 f5 25. exf5 gxf5 26. Rxe7 Bf8 27. Re5 Ra4 28. Rd7 Bg7 29. Rxf5 Rf8 30. Rg5 Rf7 31. Rd8+ Rf8 32. Rd7 Rf7 33. Rd8+ 1/2-1/2

[Event "Ostersund Storsjodraget op"]
[Site "Ostersund"]
[Date "2019.06.14"]
[Round "2"]
[White "Nordenstrom, Sven"]
[Black "Norevall, Ulf"]
[Result "0-1"]
[WhiteElo "1903"]
[BlackElo "1739"]
[PlyCount "62"]
[EventDate "2019.06.14"]
[EventType "swiss"]
[EventRounds "7"]
[EventCountry "SWE"]
[SourceTitle "CBM 192 Extra"]
[Source "Chessbase"]
[SourceDate "2019.11.06"]
[SourceVersion "1"]
[SourceVersionDate "2019.11.06"]
[SourceQuality "1"]

1. d4 d5 2. c4 c6 3. Nf3 Nf6 4. e3 e6 5. Nc3 Nbd7 6. Qc2 Be7 7. Be2 0-0 8. 0-0 dxc4 9. Bxc4 b5 10. Bd3 Bb7 11. Bd2 a6 12. a3 Rc8 13. Ne4 Nxe4 14. Bxe4 Nf6 15. Bd3 c5 16. dxc5 Bxc5 17. Bc3 h6 18. Rad1 Nd5 19. Be2 Qb6 20. Nd4 Nxc3 21. bxc3 Bxa3 22. Qd3 Bb2 23. Rb1 Bxc3 24. Nxb5 axb5 25. Rxb5 Qc7 26. Rc1 Ba6 27. Qe4 Bxb5 28. Bxb5 Qe5 29. Qd3 Ba5 30. Rf1 Rfd8 31. Qe2 Rd2 0-1

[Event "Helsingor Xtracon op"]
[Site "Helsingor"]
[Date "2017.07.28"]
[Round "8"]
[White "Norevall, Ulf"]
[Black "French, Max"]
[Result "0-1"]
[WhiteElo "1769"]
[BlackElo "2001"]
[PlyCount "36"]
[EventDate "2017.07.22"]
[EventType "swiss"]
[EventRounds "10"]
[EventCountry "DEN"]
[SourceTitle "CBM 179 Extra"]
[Source "ChessBase"]
[SourceDate "2017.08.23"]
[SourceVersion "1"]
[SourceVersionDate "2017.08.23"]
[SourceQuality "1"]

1. d4 Nf6 2. c4 e6 3. Nc3 Bb4 4. Qc2 c5 5. dxc5 0-0 6. Bg5 h6 7. Bf4 Bxc5 8. e3 b6 9. a3 Bb7 10. b4 Be7 11. f3 Nh5 12. Bxb8 Qxb8 13. Bd3 Qe5 14. Kf2 f5 15. f4 Bh4+ 16. Kf1 Qxe3 17. Qe2 Nxf4 18. Qxe3 Bxg2# 0-1

[Event "Helsingor Xtracon op"]
[Site "Helsingor"]
[Date "2017.07.26"]
[Round "6"]
[White "Norevall, Ulf"]
[Black "Skjoldager, Per"]
[Result "0-1"]
[WhiteElo "1769"]
[BlackElo "2126"]
[PlyCount "78"]
[EventDate "2017.07.22"]
[EventType "swiss"]
[EventRounds "10"]
[EventCountry "DEN"]
[SourceTitle "CBM 179 Extra"]
[Source "ChessBase"]
[SourceDate "2017.08.23"]
[SourceVersion "1"]
[SourceVersionDate "2017.08.23"]
[SourceQuality "1"]

1. d4 Nf6 2. c4 e6 3. Nc3 d5 4. Bg5 Nbd7 5. Nf3 Be7 6. e3 0-0 7. Rc1 b6 8. cxd5 exd5 9. Bd3 Bb7 10. 0-0 c5 11. Qe2 a6 12. Rfd1 c4 13. Bb1 Re8 14. Ne5 b5 15. Qc2 Nf8 16. Qf5 Qc8 17. Qf3 Qe6 18. Bf5 Qd6 19. Bf4 Qb6 20. Bg5 Rad8 21. Bb1 Ng6 22. Bxf6 Qxf6 23. Nxg6 hxg6 24. Qxf6 gxf6 25. e4 dxe4 26. Nxe4 f5 27. Nc5 Bc6 28. Nxa6 Bg5 29. Rc3 Rxd4 30. Rf1 Red8 31. Nb4 Bb7 32. Nc2 Rd1 33. Ne3 Rxf1+ 34. Kxf1 Bf6 35. Ra3 Bxb2 36. Ra7 Rd7 37. Ra5 Bc6 38. Ra6 Rd6 39. Ra7 f4 0-1

[Event "Helsingor Xtracon op"]
[Site "Helsingor"]
[Date "2017.07.22"]
[Round "1"]
[White "Hobber, Anders"]
[Black "Norevall, Ulf"]
[Result "1-0"]
[WhiteElo "2278"]
[BlackElo "1769"]
[PlyCount "51"]
[EventDate "2017.07.22"]
[EventType "swiss"]
[EventRounds "10"]
[EventCountry "DEN"]
[SourceTitle "CBM 179 Extra"]
[Source "ChessBase"]
[SourceDate "2017.08.23"]
[SourceVersion "1"]
[SourceVersionDate "2017.08.23"]
[SourceQuality "1"]

1. d4 d5 2. Bf4 Nf6 3. e3 e6 4. Nd2 c5 5. c3 Nc6 6. Ngf3 cxd4 7. exd4 Bd6 8. Bg3 0-0 9. Bd3 Re8 10. Ne5 Bf8 11. f4 g6 12. Bh4 Bg7 13. 0-0 Qc7 14. Qe2 Nd7 15. Rae1 Nf8 16. Ng4 Nd7 17. f5 e5 18. fxg6 hxg6 19. Rxf7 Nd8 20. Rff1 e4 21. Bb5 a6 22. Ba4 b5 23. Bb3 Qc6 24. Bxd8 Rxd8 25. Qxe4 Nb6 26. Nf6+ 1-0

[Event "Nordic-ch Seniors"]
[Site "Sastamala"]
[Date "2016.10.29"]
[Round "8"]
[White "Keto, Hannu"]
[Black "Norevall, Ulf"]
[Result "1-0"]
[WhiteElo "2096"]
[BlackElo "1744"]
[PlyCount "95"]
[EventDate "2016.10.22"]
[EventType "swiss"]
[EventRounds "9"]
[EventCountry "FIN"]
[SourceTitle "EXT 2018"]
[Source "ChessBase"]
[SourceDate "2017.10.13"]
[SourceVersion "1"]
[SourceVersionDate "2017.10.13"]
[SourceQuality "1"]

1. c4 f5 2. Nf3 Nf6 3. g3 g6 4. Bg2 Bg7 5. 0-0 0-0 6. d4 d6 7. Nc3 c6 8. Qd3 Qe8 9. Re1 e5 10. e4 fxe4 11. Nxe4 Nxe4 12. Qxe4 Bf5 13. Qe3 e4 14. Nd2 d5 15. f3 c5 16. dxc5 d4 17. Qb3 Nd7 18. Nxe4 Nxc5 19. Qa3 b6 20. Bf4 Bxe4 21. fxe4 Qf7 22. e5 Qxc4 23. Rac1 Qd3 24. Bxa8 Rxa8 25. Red1 Qxa3 26. bxa3 Rd8 27. Rc4 Ne6 28. h4 Kf7 29. Kg2 Rd7 30. Kf3 Bf8 31. a4 Be7 32. Bd2 a5 33. Rc6 Bc5 34. Ke4 Nd8 35. Rf1+ Kg7 36. Rc8 Ne6 37. Rf6 Re7 38. g4 Nc7 39. h5 Ne8 40. h6+ Kg8 41. Bg5 d3 42. Bf4 Bb4 43. Kxd3 g5 44. Bg3 Rd7+ 45. Ke4 Re7 46. Kf5 Bd2 47. e6 Be3 48. Bd6 1-0

[Event "Nordic-ch Seniors"]
[Site "Sastamala"]
[Date "2016.10.26"]
[Round "5"]
[White "Karppinen, Martti"]
[Black "Norevall, Ulf"]
[Result "1-0"]
[WhiteElo "1915"]
[BlackElo "1744"]
[PlyCount "144"]
[EventDate "2016.10.22"]
[EventType "swiss"]
[EventRounds "9"]
[EventCountry "FIN"]
[SourceTitle "EXT 2018"]
[Source "ChessBase"]
[SourceDate "2017.10.13"]
[SourceVersion "1"]
[SourceVersionDate "2017.10.13"]
[SourceQuality "1"]

1. d4 d5 2. c4 c6 3. Nf3 Nf6 4. Nc3 dxc4 5. a4 Bf5 6. e3 e6 7. Bxc4 Bb4 8. Qb3 a5 9. 0-0 Qc7 10. Ne2 h6 11. Ng3 Bh7 12. Bd2 Be7 13. Rfe1 Ne4 14. Bc3 Nxc3 15. bxc3 Nd7 16. e4 0-0-0 17. Rab1 Rhe8 18. Rb2 Bd6 19. Bd3 Bxg3 20. hxg3 Nc5 21. dxc5 Rxd3 22. Nd4 e5 23. Qc4 Rxg3 24. Nb5 cxb5 25. Qxb5 Re7 26. fxg3 f6 27. Qb6 Rd7 28. Qxc7+ Kxc7 29. Kf2 Kc6 30. Rb5 Rd3 31. Re3 Rd2+ 32. Kf3 Bg6 33. Rxa5 Bf7 34. Rb5 h5 35. Rb6+ Kc7 36. Re1 Rd3+ 37. Re3 Rd2 38. Re2 Rd3+ 39. Kf2 Be8 40. a5 Bc6 41. a6 bxa6 42. Rxa6 Rxc3 43. Ra7+ Kc8 44. Rxg7 Rxc5 45. Rf7 Rc4 46. Rxf6 Bxe4 47. Re6 Bf5 48. R6xe5 Bg4 49. Rd2 Rc3 50. Re3 Rc1 51. Rdd3 Rc2+ 52. Kg1 Rb2 53. Rd4 Kc7 54. Rxg4 hxg4 55. Re4 Kd6 56. Kh2 Kd5 57. Rxg4 Ke5 58. Rf4 Ra2 59. Rf1 Ke6 60. Kh3 Ke7 61. g4 Ke6 62. Kg3 Ke7 63. Rf3 Ke8 64. g5 Ke7 65. Kh3 Ra5 66. Kh4 Ra2 67. g3 Rh2+ 68. Kg4 Ke6 69. g6 Rh6 70. Kg5 Rh8 71. g7 Rg8 72. Kg6 Kd5 1-0

[Event "Helsingor Xtracon op"]
[Site "Helsingor"]
[Date "2016.07.25"]
[Round "4"]
[White "Holmstrom, Johan Ravnborg"]
[Black "Norevall, Ulf"]
[Result "1/2-1/2"]
[WhiteElo "1942"]
[BlackElo "1749"]
[PlyCount "83"]
[EventDate "2016.07.23"]
[EventType "swiss"]
[EventRounds "10"]
[EventCountry "DEN"]
[SourceTitle "CBM 173 Extra"]
[Source "ChessBase"]
[SourceDate "2016.08.29"]
[SourceVersion "1"]
[SourceVersionDate "2016.08.29"]
[SourceQuality "1"]

1. c4 f5 2. Nc3 Nf6 3. Nf3 d6 4. d4 g6 5. g3 Bg7 6. Bg2 c6 7. 0-0 0-0 8. Re1 Ne4 9. Qc2 Nxc3 10. Qxc3 c5 11. e3 Nc6 12. b3 e5 13. Bb2 e4 14. Nd2 Qb6 15. Qc1 cxd4 16. exd4 Nxd4 17. Nf1 Bd7 18. Ne3 Bc6 19. Nc2 Rad8 20. Bxd4 Bxd4 21. Nxd4 Qxd4 22. Rd1 Qe5 23. b4 b6 24. a4 a5 25. Qe3 axb4 26. Qxb6 Qc5 27. a5 Ba8 28. Rab1 Rb8 29. Qxd6 Qxa5 30. Qe6+ Kh8 31. Ra1 Qb6 32. Rd6 Qc5 33. Rd7 Rbe8 34. Qa6 e3 35. Bxa8 exf2+ 36. Kf1 Re1+ 37. Rxe1 fxe1Q+ 38. Kxe1 Re8+ 39. Kf1 Qe5 40. Bf3 Qe1+ 41. Kg2 Re2+ 42. Bxe2 1/2-1/2

[Event "WchT Seniors 65"]
[Site "Radebeul"]
[Date "2016.06.27"]
[Round "2.4"]
[White "Munninghoff, Alexander"]
[Black "Norevall, Ulf"]
[Result "1/2-1/2"]
[WhiteElo "1932"]
[BlackElo "1749"]
[PlyCount "106"]
[EventDate "2016.06.26"]
[EventType "team-swiss"]
[EventRounds "9"]
[EventCountry "GER"]
[SourceTitle "CBM 173 Extra"]
[Source "ChessBase"]
[SourceDate "2016.08.29"]
[SourceVersion "1"]
[SourceVersionDate "2016.08.29"]
[SourceQuality "1"]
[WhiteTeam "Koninklijke DD"]
[BlackTeam "Sweden III"]
[WhiteTeamCountry "NED"]
[BlackTeamCountry "SWE"]

1. c4 f5 2. g3 Nf6 3. Bg2 c6 4. Nc3 g6 5. Nf3 Bg7 6. 0-0 d6 7. d4 0-0 8. d5 e5 9. dxe6 Bxe6 10. b3 Ne4 11. Nxe4 fxe4 12. Nd4 Qe7 13. Nxe6 Qxe6 14. Rb1 Na6 15. Ba3 Rfd8 16. e3 d5 17. Qc2 Bf8 18. Bb2 Bg7 19. Bxg7 Kxg7 20. Rfd1 Qe5 21. b4 Nc7 22. a4 Ne8 23. c5 Nf6 24. b5 Rab8 25. Rd4 h5 26. Rdb4 g5 27. Qb2 Qxb2 28. R4xb2 Nd7 29. Rc2 Kf6 30. f3 exf3 31. Bxf3 g4 32. Be2 Ke5 33. Bd3 d4 34. exd4+ Kxd4 35. Bf5 Ke5 36. Bxd7 Rxd7 37. bxc6 Rc7 38. cxb7 Rbxb7 39. Rxb7 Rxb7 40. c6 Rc7 41. Rc5+ Kd4 42. Rxh5 Rxc6 43. Rh4 Rc1+ 44. Kf2 Rc2+ 45. Ke1 Ke3 46. Kd1 Rd2+ 47. Kc1 Rd4 48. a5 Kf3 49. Kc2 Ra4 50. h3 Rxa5 51. Rxg4 Rh5 52. Rg7 Rxh3 53. g4 Rg3 1/2-1/2

[Event "Politiken Cup 37th"]
[Site "Helsingor"]
[Date "2015.07.26"]
[Round "3"]
[White "Norevall, Ulf"]
[Black "Gade, Jens"]
[Result "1-0"]
[WhiteElo "1905"]
[BlackElo "1572"]
[PlyCount "67"]
[EventDate "2015.07.25"]
[EventType "swiss"]
[EventRounds "10"]
[EventCountry "DEN"]
[SourceTitle "CBM 167 Extra"]
[Source "ChessBase"]
[SourceDate "2015.09.14"]
[SourceVersion "1"]
[SourceVersionDate "2015.09.14"]
[SourceQuality "1"]

1. d4 d5 2. c4 dxc4 3. Nf3 Nf6 4. Nc3 e6 5. Bg5 Be7 6. e3 0-0 7. Bxc4 b6 8. Qe2 Bb7 9. 0-0 Nd5 10. Bxe7 Qxe7 11. e4 Nf4 12. Qe3 Ng6 13. Ng5 Ba6 14. b3 Bxc4 15. bxc4 c6 16. f4 Nd7 17. e5 f5 18. exf6 Rxf6 19. Rae1 Re8 20. Nge4 Rff8 21. g3 h6 22. Qe2 Nf6 23. Nxf6+ Rxf6 24. Qg4 Qf7 25. Ne4 Nh8 26. Nxf6+ Qxf6 27. f5 e5 28. dxe5 Rxe5 29. Rxe5 Qxe5 30. Qf4 Qc5+ 31. Kg2 Nf7 32. f6 g5 33. Qe4 Ne5 34. Rf5 1-0